Integrable Hamiltonian systems : geometry, topology, classification /

Guardado en:
Autor Principal: Bolsinov, A. V.
Otros Autores: Fomenko, A. T.
Formato: Libro
Idioma:English
Russian
Publicado: Boca Raton, Fla. : Chapman & Hall/CRC, c2004.
Materias:
Acceso en línea:Publisher description
Etiquetas: Agregar Etiqueta
Sin Etiquetas, Sea el primero en etiquetar este registro!
LEADER 01055cam a22002774a 4500
001 MAT.inmabb004673
008 031113s2004####flua#####b####001#0#eng##
005 20130402231206.0
245 1 0 |a Integrable Hamiltonian systems :  |b geometry, topology, classification /  |c A. V. Bolsinov and A. T. Fomenko. 
260 |a Boca Raton, Fla. :  |b Chapman & Hall/CRC,  |c c2004. 
300 |a xv, 730 p. :  |b il. ;  |c 24 cm. 
504 |a Incluye referencias bibliográficas (p. [705]-723) e índice. 
510 4 |a MR,  |c 2004j:37106 
020 |a 0415298059 
100 1 |a Bolsinov, A. V.  |q (Aleksei Viktorovich) 
240 1 0 |a Integriruemye gamil'tonovy sistemy.  |l Inglés 
700 1 |a Fomenko, A. T. 
650 0 |a Hamiltonian systems. 
650 0 |a Geodesic flows. 
650 0 |a Geodesics (Mathematics) 
084 |a 37J35 (53D25 70G40 70G45 70H06)  |2 msc2000 
010 |a  2003067457 
040 |a DLC  |c DLC  |d DLC 
041 1 |a eng  |h rus 
856 4 2 |3 Publisher description  |u http://www.loc.gov/catdir/enhancements/fy0646/2003067457-d.html 
859 |h 37  |i B693  |p A-8469  |b BIB. MATEMATICA